000 01156nam a2200229M 4500
001 completeencyclop02newy
003 CaSfIA
005 20210117225142.0
007 cr||||
008 931203s1975 nyua 001 0 eng d
040 _aTEH
_cTEH
_dCaSfIA
035 _a(OCoLC)168650831
245 0 4 _aThe complete encyclopedia of crafts :
_h[electronic resource]
_bthe do-it-yourself guide to traditional and modern home crafts.
260 _aNew York :
_bColumbia House,
_cc1975.
300 _a24 v. :
_bill. (some col.) ;
_c28 cm.
650 0 _aHandicraft
_xEncyclopedias.
856 4 1 _uhttp://www.archive.org/details/completeencyclop02newy
_zFree eBook from the Internet Archive
_3Volume 2
856 4 2 _uhttp://www.openlibrary.org/books/OL24237052M
_zAdditional information and access via Open Library
_3Volume 2
942 _cEB
506 _fНеобхідна авторизація на https://archive.org/ (створення облікового запису безкоштовно)
506 _fНеобхідна авторизація на https://openlibrary.org/ (створення облікового запису безкоштовно)
999 _c483028
_d483028